[Event "RLP Seniors op 17th"]
[Site "Neustadt an der Weinstrasse"]
[Date "2019.07.23"]
[Round "4"]
[White "Kuehner, Peter"]
[Black "Teutsch, Michael1111"]
[Result "0-1"]
[WhiteElo "1912"]
[BlackElo "1790"]
[PlyCount "32"]
[EventDate "2019.07.20"]
[EventType "swiss"]
[EventRounds "9"]
[EventCountry "GER"]
[SourceTitle "CBM 192 Extra"]
[Source "Chessbase"]
[SourceDate "2019.11.06"]
[SourceVersion "1"]
[SourceVersionDate "2019.11.06"]
[SourceQuality "1"]

1. e4 c6 2. Nc3 d5 3. exd5 cxd5 4. d4 Bf5 5. h3 Nc6 6. a3 h6 7. Be3 Nf6 8. Nf3 e6 9. Bd3 Bxd3 10. Qxd3 a6 11. 0-0 Bd6 12. Ne2 0-0 13. c3 Rc8 14. Bf4 Bxf4 15. Nxf4 Qc7 16. Rfe1 Qxf4 0-1

[Event "Rheinland Pfalz op Seniors 16th"]
[Site "Neustadt an der Weinstrasse"]
[Date "2018.07.14"]
[Round "8"]
[White "Kuehner, Peter"]
[Black "Krebs, Dietmar"]
[Result "1/2-1/2"]
[WhiteElo "1921"]
[BlackElo "2013"]
[PlyCount "92"]
[EventDate "2018.07.07"]
[EventType "swiss"]
[EventRounds "9"]
[EventCountry "GER"]
[SourceTitle "EXT 2019"]
[Source "ChessBase"]
[SourceDate "2018.10.10"]
[SourceVersion "1"]
[SourceVersionDate "2018.10.10"]
[SourceQuality "1"]

1. e4 c5 2. Nc3 d6 3. Bc4 e6 4. Nf3 Nf6 5. e5 dxe5 6. Nxe5 a6 7. a3 Nbd7 8. Nxd7 Bxd7 9. 0-0 Bc6 10. Be2 Be7 11. d3 0-0 12. Bf3 Qc7 13. Bg5 Rfd8 14. Bh4 Rd7 15. Bg3 Qb6 16. Bxc6 Qxc6 17. Qe2 Rad8 18. Rfd1 b5 19. Qe1 h6 20. Ne2 Nh5 21. Be5 Bf6 22. Bxf6 Nxf6 23. Ng3 Rd4 24. Qe2 Qd5 25. Nf1 Qg5 26. c3 R4d6 27. Rd2 Nd5 28. Rad1 Nf4 29. Qf3 e5 30. g3 Qg6 31. Qe4 Qxe4 32. dxe4 Rxd2 33. Rxd2 Rxd2 34. Nxd2 Nd3 35. b3 Nc1 36. Kf1 Na2 37. c4 b4 38. axb4 Nxb4 39. Ke2 Nc2 40. Kd3 Nd4 41. Kc3 Nc6 42. Nf3 Kf8 43. Ne1 Ke7 44. Nd3 Kd6 45. Nc1 a5 46. Nd3 Nb4 1/2-1/2

[Event "Rheinland Pfalz op Seniors 16th"]
[Site "Neustadt an der Weinstrasse"]
[Date "2018.07.13"]
[Round "7"]
[White "Schroeder, Klaus"]
[Black "Kuehner, Peter"]
[Result "0-1"]
[WhiteElo "1840"]
[BlackElo "1921"]
[PlyCount "74"]
[EventDate "2018.07.07"]
[EventType "swiss"]
[EventRounds "9"]
[EventCountry "GER"]
[SourceTitle "EXT 2019"]
[Source "ChessBase"]
[SourceDate "2018.10.10"]
[SourceVersion "1"]
[SourceVersionDate "2018.10.10"]
[SourceQuality "1"]

1. d4 d5 2. Nf3 Nf6 3. e3 Bf5 4. Bd3 Qc8 5. b3 Ne4 6. Bb2 e6 7. 0-0 Nc6 8. a3 Be7 9. Nbd2 h6 10. Qe2 0-0 11. Ne5 Nb8 12. f3 Nd6 13. e4 dxe4 14. fxe4 Bh7 15. Rf2 f6 16. Nec4 c6 17. Raf1 Nd7 18. Nxd6 Bxd6 19. Qg4 f5 20. exf5 exf5 21. Bxf5 Bxf5 22. Rxf5 Nf6 23. Qg6 Qe6 24. Kh1 Be7 25. Re5 Qd7 26. Rfe1 Rf7 27. Nf3 Raf8 28. c4 Ng4 29. Re6 Nf6 30. Ne5 Qxe6 31. Rf1 Bd6 32. d5 cxd5 33. cxd5 Qxd5 34. Nxf7 Rxf7 35. Rc1 Qe4 36. Rc8+ Bf8 37. Qg3 Nh5 0-1

[Event "Rheinland Pfalz op Seniors 16th"]
[Site "Neustadt an der Weinstrasse"]
[Date "2018.07.12"]
[Round "6"]
[White "Kuehner, Peter"]
[Black "Wenzel, Ralph"]
[Result "1/2-1/2"]
[WhiteElo "1921"]
[BlackElo "1694"]
[PlyCount "128"]
[EventDate "2018.07.07"]
[EventType "swiss"]
[EventRounds "9"]
[EventCountry "GER"]
[SourceTitle "EXT 2019"]
[Source "ChessBase"]
[SourceDate "2018.10.10"]
[SourceVersion "1"]
[SourceVersionDate "2018.10.10"]
[SourceQuality "1"]

1. e4 e5 2. Nf3 Nc6 3. a3 Nf6 4. Nc3 Bc5 5. h3 0-0 6. Bc4 Bb6 7. d3 h6 8. 0-0 d6 9. Be3 Ne7 10. Nh2 Ng6 11. Qf3 c6 12. Rab1 Nh4 13. Qe2 Bd7 14. Nf3 Nh5 15. Nxe5 dxe5 16. Qxh5 Qf6 17. Ne2 Bxe3 18. fxe3 Qg5 19. Qxg5 hxg5 20. Kh2 Be6 21. Bxe6 fxe6 22. c3 Rf6 23. d4 Raf8 24. Kg1 Ng6 25. Rbd1 Rxf1+ 26. Rxf1 Rd8 27. g3 c5 28. Kg2 cxd4 29. exd4 exd4 30. Nxd4 Rd6 31. Rf2 Ne5 32. a4 a6 33. b3 Nd3 34. Rd2 Nc5 35. Nf3 Nxe4 36. Rxd6 Nxd6 37. Nxg5 e5 38. Kf3 Kf8 39. Ne4 Nf7 40. h4 Ke7 41. Nc5 Nd8 42. Ke4 Kd6 43. b4 a5 44. Nd3 axb4 45. cxb4 Nf7 46. g4 b6 47. g5 Ke6 48. a5 Nd6+ 49. Ke3 bxa5 50. bxa5 Nc4+ 51. Kf3 Nxa5 52. Ke4 Nc4 53. Nc5+ Kd6 54. Nb7+ Ke6 55. Nd8+ Kd7 56. h5 Kxd8 57. Kd5 Nb6+ 58. Ke6 Nd7 59. Kf7 e4 60. h6 gxh6 61. gxh6 Ne5+ 62. Kf8 e3 63. h7 Ng6+ 64. Kg7 Nh8 1/2-1/2

[Event "Rheinland Pfalz op Seniors 16th"]
[Site "Neustadt an der Weinstrasse"]
[Date "2018.07.11"]
[Round "5"]
[White "Walther, Reinhard"]
[Black "Kuehner, Peter"]
[Result "1-0"]
[WhiteElo "2039"]
[BlackElo "1921"]
[PlyCount "65"]
[EventDate "2018.07.07"]
[EventType "swiss"]
[EventRounds "9"]
[EventCountry "GER"]
[SourceTitle "EXT 2019"]
[Source "ChessBase"]
[SourceDate "2018.10.10"]
[SourceVersion "1"]
[SourceVersionDate "2018.10.10"]
[SourceQuality "1"]

1. d4 d5 2. Bf4 Nf6 3. e3 Bf5 4. Nc3 c6 5. h3 h6 6. g4 Bh7 7. Bd3 Bxd3 8. Qxd3 e6 9. Bg3 Nbd7 10. f4 Qa5 11. Nge2 Ne4 12. Bh2 Be7 13. 0-0 Ndf6 14. Ng3 Nd6 15. f5 0-0 16. fxe6 fxe6 17. Qg6 Nf7 18. Nh5 Nxh5 19. gxh5 Rae8 20. Rf2 Bg5 21. Rf3 Nh8 22. Rxf8+ Kxf8 23. Rf1+ Ke7 24. Qxg7+ Kd8 25. Nd1 Kc8 26. Qe5 Qb6 27. Qb8+ Kd7 28. Qd6+ Kc8 29. Be5 Be7 30. Qxe6+ Kd8 31. Rf2 Bh4 32. Qd6+ Kc8 33. Rf8 1-0

[Event "Rheinland Pfalz op Seniors 16th"]
[Site "Neustadt an der Weinstrasse"]
[Date "2018.07.07"]
[Round "1"]
[White "Biebinger, Gerhard"]
[Black "Kuehner, Peter"]
[Result "1-0"]
[WhiteElo "2263"]
[BlackElo "1921"]
[PlyCount "77"]
[EventDate "2018.07.07"]
[EventType "swiss"]
[EventRounds "9"]
[EventCountry "GER"]
[SourceTitle "EXT 2019"]
[Source "ChessBase"]
[SourceDate "2018.10.10"]
[SourceVersion "1"]
[SourceVersionDate "2018.10.10"]
[SourceQuality "1"]

1. c4 e5 2. g3 c6 3. d4 Bd6 4. Nf3 exd4 5. Qxd4 Qf6 6. Be3 Na6 7. Qd2 Bc5 8. Nc3 Qe6 9. Bxc5 Nxc5 10. Qd4 d6 11. Rd1 Nf6 12. Qxd6 Qxd6 13. Rxd6 Ke7 14. Rd1 Be6 15. e3 Rad8 16. Nd4 Nce4 17. Nxe4 Nxe4 18. Bg2 Nc5 19. b3 Rd6 20. Nxe6 Kxe6 21. Rxd6+ Kxd6 22. Ke2 Rd8 23. b4 Na4 24. c5+ Kc7 25. Rc1 Re8 26. Rc2 Re6 27. h4 b5 28. g4 Re7 29. f4 f6 30. g5 h6 31. gxh6 gxh6 32. a3 Rg7 33. Kf3 Rd7 34. Bh3 Rd3 35. Bf5 Rd1 36. Kg4 a5 37. Kh5 axb4 38. axb4 Rd5 39. Kg6 1-0

[Event "Pfalz-ch Seniors 87th"]
[Site "Landau"]
[Date "2018.03.24"]
[Round "2"]
[White "Joniks, Paul"]
[Black "Kuehner, Peter"]
[Result "0-1"]
[WhiteElo "1579"]
[BlackElo "1766"]
[PlyCount "56"]
[EventDate "2018.03.23"]
[EventType "swiss"]
[EventRounds "7"]
[EventCountry "GER"]
[SourceTitle "EXT 2019"]
[Source "ChessBase"]
[SourceDate "2018.10.10"]
[SourceVersion "1"]
[SourceVersionDate "2018.10.10"]
[SourceQuality "1"]

1. d4 d5 2. Nf3 Nf6 3. e3 Bg4 4. Bd3 Nbd7 5. c3 e5 6. dxe5 Nxe5 7. Qa4+ Bd7 8. Qd1 Nxf3+ 9. gxf3 Bd6 10. Nd2 Bh3 11. Qa4+ c6 12. Qh4 Be6 13. e4 g6 14. f4 Be7 15. Qg3 Nh5 16. Qe3 dxe4 17. Nxe4 Bd5 18. Rg1 Qc7 19. Bd2 0-0-0 20. 0-0-0 Rhe8 21. Qxa7 Nxf4 22. Qe3 Nxd3+ 23. Qxd3 Bb3 24. Qh3+ Be6 25. Qf3 h5 26. Bf4 Qa5 27. Kc2 Qxa2 28. Ra1 Bb3+ 0-1

[Event "Rheinland Pfalz op Seniors 15th"]
[Site "Neustadt an der Weinstrasse"]
[Date "2017.07.18"]
[Round "4"]
[White "Krebs, Dietmar"]
[Black "Kuehner, Peter"]
[Result "1-0"]
[WhiteElo "1998"]
[BlackElo "1923"]
[PlyCount "55"]
[EventDate "2017.07.15"]
[EventType "swiss"]
[EventRounds "9"]
[EventCountry "GER"]
[SourceTitle "EXT 2018"]
[Source "ChessBase"]
[SourceDate "2017.10.13"]
[SourceVersion "1"]
[SourceVersionDate "2017.10.13"]
[SourceQuality "1"]

1. e4 e5 2. Nf3 d6 3. d4 exd4 4. Nxd4 Be7 5. Nc3 Nf6 6. Be2 0-0 7. 0-0 Bd7 8. Be3 Nc6 9. h3 a6 10. Qd2 Ne5 11. f4 Ng6 12. Rad1 Re8 13. Bc4 c6 14. Nf3 b5 15. Bd3 c5 16. e5 dxe5 17. fxe5 Nh5 18. Bxg6 hxg6 19. Qxd7 Qxd7 20. Rxd7 Ng3 21. Rfd1 Nf5 22. Bf2 Rac8 23. Nd5 Bd8 24. g4 Ne7 25. Bh4 Nxd5 26. R1xd5 f6 27. Bg3 Bc7 28. Kg2 1-0

[Event "Rheinland Pfalz op Seniors 15th"]
[Site "Neustadt an der Weinstrasse"]
[Date "2017.07.15"]
[Round "1"]
[White "Kuehner, Peter"]
[Black "Hagen, Peter"]
[Result "1/2-1/2"]
[WhiteElo "1923"]
[BlackElo "2218"]
[PlyCount "119"]
[EventDate "2017.07.15"]
[EventType "swiss"]
[EventRounds "9"]
[EventCountry "GER"]
[SourceTitle "EXT 2018"]
[Source "ChessBase"]
[SourceDate "2017.10.13"]
[SourceVersion "1"]
[SourceVersionDate "2017.10.13"]
[SourceQuality "1"]

1. e4 d5 2. exd5 Qxd5 3. Nf3 Nc6 4. Nc3 Qa5 5. d4 Nf6 6. Bd2 a6 7. h3 Be6 8. a3 Rd8 9. b4 Qb6 10. Be3 Nd5 11. Nxd5 Bxd5 12. c3 Qa7 13. Be2 e6 14. Qc2 Be7 15. Rd1 0-0 16. 0-0 b5 17. c4 bxc4 18. Bxc4 Bxf3 19. gxf3 Nxd4 20. Bxd4 Rxd4 21. Rxd4 Qxd4 22. Qe4 Qb2 23. Qe3 Rd8 24. Re1 Qf6 25. Bd3 Rd5 26. Qe4 g6 27. Bxa6 Bd6 28. Bf1 Kg7 29. Bg2 Qc3 30. Qe3 Rd3 31. Qc1 Qxa3 32. Qxa3 Rxa3 33. Rb1 Ra4 34. b5 Ra2 35. Rc1 Be5 36. Rc4 Rb2 37. Bf1 Bd6 38. Rc6 Kf6 39. Kg2 Rb4 40. Be2 Ke5 41. Bc4 Kd4 42. Be2 e5 43. Bf1 f5 44. Be2 e4 45. fxe4 fxe4 46. Bf1 Rb2 47. Kg1 g5 48. Rc4+ Kd5 49. Rc6 Ke5 50. Rc3 Kf4 51. Rc4 Rxb5 52. Rxc7 Bxc7 53. Bxb5 Kf3 54. Bf1 Bb6 55. Bg2+ Kf4 56. Bf1 h5 57. Kg2 g4 58. hxg4 hxg4 59. Be2 Kg5 60. Bd1 1/2-1/2

[Event "Rheinland Pfalz op Seniors 14th"]
[Site "Neustadt an der Weinstrasse"]
[Date "2016.07.19"]
[Round "4"]
[White "Kuehner, Peter"]
[Black "Mueller, Rudolf"]
[Result "0-1"]
[WhiteElo "1947"]
[BlackElo "2100"]
[PlyCount "70"]
[EventDate "2016.07.16"]
[EventType "swiss"]
[EventRounds "9"]
[EventCountry "GER"]
[SourceTitle "EXT 2019"]
[Source "ChessBase"]
[SourceDate "2018.10.10"]
[SourceVersion "1"]
[SourceVersionDate "2018.10.10"]
[SourceQuality "1"]

1. e4 b6 2. d4 e6 3. Bd3 Bb7 4. Be3 c5 5. dxc5 Bxc5 6. Qe2 f5 7. Nd2 Nf6 8. f3 0-0 9. Nh3 Nc6 10. c3 Ne5 11. Bc2 fxe4 12. fxe4 Bxe3 13. Qxe3 Nfg4 14. Qg3 h5 15. 0-0-0 Ba6 16. Nb3 Be2 17. Rd2 Rf1+ 18. Rxf1 Bxf1 19. Nd4 Nc4 20. Rd1 Nce3 21. Rd2 Qf6 22. Nf3 Rf8 23. Nhg5 Qh6 24. h3 h4 25. Qxh4 Bxg2 26. Rxg2 Qxh4 27. Nxh4 Rf1+ 28. Kd2 Nxg2 29. hxg4 Nxh4 30. Bd3 Rg1 31. Be2 Rg3 32. b4 Ng6 33. a4 Ne5 34. a5 bxa5 35. bxa5 g6 0-1

[Event "Rheinland Pfalz op Seniors 14th"]
[Site "Neustadt an der Weinstrasse"]
[Date "2016.07.18"]
[Round "3"]
[White "Prachar, Josef"]
[Black "Kuehner, Peter"]
[Result "1/2-1/2"]
[WhiteElo "1930"]
[BlackElo "1947"]
[PlyCount "79"]
[EventDate "2016.07.16"]
[EventType "swiss"]
[EventRounds "9"]
[EventCountry "GER"]
[SourceTitle "EXT 2019"]
[Source "ChessBase"]
[SourceDate "2018.10.10"]
[SourceVersion "1"]
[SourceVersionDate "2018.10.10"]
[SourceQuality "1"]

1. d4 d5 2. c4 e6 3. Nc3 Nf6 4. cxd5 exd5 5. Bg5 c6 6. Qc2 Be7 7. e3 Nbd7 8. Bd3 Ng4 9. Bxe7 Qxe7 10. h3 Ngf6 11. Nge2 a6 12. 0-0 0-0 13. Ng3 Re8 14. Rae1 Nf8 15. f3 Qc7 16. Qf2 Re7 17. e4 dxe4 18. fxe4 Be6 19. e5 Nd5 20. Nge4 b6 21. Kh1 b5 22. Nc5 Nxc3 23. bxc3 Bd5 24. Ne4 Ra7 25. Qh4 Bxe4 26. Bxe4 Ng6 27. Qg4 c5 28. h4 cxd4 29. cxd4 Qd8 30. h5 Nf8 31. d5 Qd7 32. Qf3 Qe8 33. e6 fxe6 34. dxe6 Rac7 35. Qxf8+ Qxf8 36. Bxh7+ Kxh7 37. Rxf8 Rc6 38. Rf3 Rcxe6 39. Rxe6 Rxe6 40. Kh2 1/2-1/2

[Event "Rheinland Pfalz op Seniors 13th"]
[Site "Neustadt an der Weinstrasse"]
[Date "2015.07.16"]
[Round "7"]
[White "Kuehner, Peter"]
[Black "Diehl, Klaus"]
[Result "0-1"]
[WhiteElo "1952"]
[BlackElo "2039"]
[PlyCount "108"]
[EventDate "2015.07.10"]
[EventType "swiss"]
[EventRounds "7"]
[EventCountry "GER"]
[SourceTitle "EXT 2019"]
[Source "ChessBase"]
[SourceDate "2018.10.10"]
[SourceVersion "1"]
[SourceVersionDate "2018.10.10"]
[SourceQuality "1"]

1. e4 d5 2. exd5 Nf6 3. Nf3 Nxd5 4. d4 Bg4 5. Be2 e6 6. a3 Bd6 7. c3 0-0 8. 0-0 c6 9. Ng5 Bxe2 10. Qxe2 Nd7 11. Qf3 b5 12. Qh3 N7f6 13. Nd2 Nf4 14. Qf3 N6d5 15. Nde4 Bc7 16. Nh3 Nxh3+ 17. Qxh3 h6 18. Bd2 e5 19. dxe5 Bxe5 20. Rad1 f5 21. Ng3 Qd7 22. Rfe1 Rae8 23. Ne4 Qf7 24. Nc5 Bd6 25. Nd3 Re4 26. f3 Ree8 27. Qh4 Qc7 28. Qh5 Qf7 29. Qxf7+ Kxf7 30. g3 Bc7 31. Kg2 a5 32. Rxe8 Rxe8 33. Re1 Rxe1 34. Nxe1 Kf6 35. Nd3 a4 36. Kf2 Bb6+ 37. Ke2 g5 38. h3 Bc7 39. Kf2 h5 40. f4 gxf4 41. gxf4 Ke6 42. Kf3 Bd6 43. Ke2 Nb6 44. Be3 Nc4 45. Bc1 Kd5 46. Nf2 Bc5 47. Nd3 Be7 48. Nf2 Na5 49. Be3 Kc4 50. Kd2 Kb3 51. Kc1 Nc4 52. Nd1 Bd6 53. Kb1 Bc7 54. Kc1 Nxe3 0-1

[Event "Rheinland Pfalz op Seniors 13th"]
[Site "Neustadt an der Weinstrasse"]
[Date "2015.07.11"]
[Round "2"]
[White "Kripp, Wolfgang"]
[Black "Kuehner, Peter"]
[Result "1-0"]
[WhiteElo "2094"]
[BlackElo "1952"]
[PlyCount "61"]
[EventDate "2015.07.10"]
[EventType "swiss"]
[EventRounds "7"]
[EventCountry "GER"]
[SourceTitle "EXT 2019"]
[Source "ChessBase"]
[SourceDate "2018.10.10"]
[SourceVersion "1"]
[SourceVersionDate "2018.10.10"]
[SourceQuality "1"]

1. e4 e5 2. Nf3 d6 3. d4 exd4 4. c3 dxc3 5. Nxc3 Nd7 6. Bc4 c6 7. Bf4 Nc5 8. 0-0 Be7 9. Qd4 Nf6 10. e5 dxe5 11. Qxd8+ Bxd8 12. Bxe5 0-0 13. Bd6 Ne6 14. Bxf8 Kxf8 15. Rad1 Be7 16. Rfe1 h6 17. Ne5 Bc5 18. Ne4 Nxe4 19. Rxe4 Be7 20. Nd7+ Ke8 21. Bxe6 fxe6 22. Ne5 Bf6 23. Nc4 Ke7 24. b3 Bd7 25. f4 b5 26. Ne5 Be8 27. Ng4 Bc3 28. f5 Bd7 29. Rd3 Ba5 30. Ne5 Be8 31. Nxc6+ 1-0

[Event "Bad Woerishofen Seniors op 27th"]
[Site "Bad Woerishofen"]
[Date "2011.03.30"]
[Round "8"]
[White "Wawrinsky, Ludwig"]
[Black "Kuehner, Peter"]
[Result "1-0"]
[WhiteElo "1890"]
[BlackElo "2008"]
[PlyCount "59"]
[EventDate "2011.03.24"]
[EventType "swiss"]
[EventRounds "9"]
[EventCountry "GER"]
[SourceTitle "EXT 2012"]
[Source "ChessBase"]
[SourceDate "2011.11.24"]
[SourceVersion "1"]
[SourceVersionDate "2011.11.24"]
[SourceQuality "1"]

1. e4 e5 2. Bc4 Bc5 3. Nc3 Nc6 4. a3 a6 5. d3 h6 6. Nf3 d6 7. Be3 Bxe3 8. fxe3 Nf6 9. Qe2 Ne7 10. Nd5 Ng6 11. h3 c6 12. Nxf6+ Qxf6 13. Rf1 Qd8 14. Bxf7+ Kxf7 15. Nxe5+ Kg8 16. Nxg6 Kh7 17. Nxh8 Kxh8 18. 0-0-0 Be6 19. g4 Qg5 20. Rf4 b5 21. Rdf1 Kg8 22. Qf2 Qe7 23. h4 a5 24. g5 a4 25. gxh6 gxh6 26. Qg3+ Kh7 27. Rf6 Rg8 28. Qf4 Rg6 29. Rxg6 Kxg6 30. h5+ 1-0

[Event "Bad Bertrich Seniors op 17th"]
[Site "Bad Bertrich"]
[Date "2009.12.08"]
[Round "5"]
[White "Kuehner, Peter"]
[Black "Graw, Rolf"]
[Result "1-0"]
[WhiteElo "1828"]
[BlackElo "1687"]
[PlyCount "49"]
[EventDate "2009.12.04"]
[EventType "swiss"]
[EventRounds "9"]
[EventCountry "GER"]
[SourceTitle "EXT 2022"]
[Source "ChessBase"]
[SourceDate "2021.10.06"]
[SourceVersion "1"]
[SourceVersionDate "2021.10.06"]
[SourceQuality "1"]

1. e4 c6 2. d4 d5 3. exd5 cxd5 4. Bd3 Nf6 5. Nf3 Nc6 6. c3 e6 7. 0-0 Bd6 8. Bg5 0-0 9. Nbd2 Be7 10. Re1 h6 11. Bh4 g5 12. Bg3 Bd6 13. Ne5 h5 14. Qf3 h4 15. Nxc6 bxc6 16. Bxd6 Qxd6 17. Qxf6 Qf4 18. Qh6 f5 19. Nf3 Rf7 20. Ne5 Rh7 21. Qg6+ Rg7 22. Qe8+ Kh7 23. g3 hxg3 24. hxg3 Qd2 25. Re2 1-0

[Event "RLP-ch Seniors 27th"]
[Site "Hoeheinoed"]
[Date "2008.07.05"]
[Round "7"]
[White "Kuehner, Peter"]
[Black "Schmidt, Willi"]
[Result "1-0"]
[WhiteElo "1815"]
[BlackElo "1673"]
[PlyCount "61"]
[EventDate "2008.06.29"]
[EventType "swiss"]
[EventRounds "7"]
[EventCountry "GER"]
[SourceTitle "EXT 2009"]
[Source "ChessBase"]
[SourceDate "2008.11.26"]
[SourceVersion "1"]
[SourceVersionDate "2008.11.26"]
[SourceQuality "1"]

1. e4 e5 2. Nf3 Nc6 3. Nc3 Nf6 4. Bc4 Be7 5. a3 d6 6. h3 Be6 7. Bxe6 fxe6 8. d3 h6 9. 0-0 d5 10. Nd2 0-0 11. b4 a6 12. Re1 d4 13. Ne2 b5 14. Ng3 a5 15. bxa5 Rxa5 16. Nb3 Ra8 17. Nh5 Qe8 18. Nxf6+ Rxf6 19. Rf1 Qg6 20. Nd2 Raf8 21. Rb1 Na7 22. Qe2 Rf4 23. Kh2 R4f7 24. Nf3 Bd6 25. Kh1 c6 26. Nh2 Nc8 27. Ra1 Nb6 28. Bd2 Qf6 29. Qh5 Kh7 30. Nf3 Qg6 31. Ng5+ 1-0

[Event "RLP-ch Seniors 27th"]
[Site "Hoeheinoed"]
[Date "2008.07.03"]
[Round "5"]
[White "Kuehner, Peter"]
[Black "Mueller, Waldemar"]
[Result "1/2-1/2"]
[WhiteElo "1815"]
[BlackElo "2137"]
[PlyCount "141"]
[EventDate "2008.06.29"]
[EventType "swiss"]
[EventRounds "7"]
[EventCountry "GER"]
[SourceTitle "EXT 2009"]
[Source "ChessBase"]
[SourceDate "2008.11.26"]
[SourceVersion "1"]
[SourceVersionDate "2008.11.26"]
[SourceQuality "1"]

1. e4 c5 2. Bc4 e6 3. Nc3 Nc6 4. Nf3 Nf6 5. d4 cxd4 6. Nxd4 d6 7. Be3 Be7 8. 0-0 0-0 9. a3 a6 10. Bd3 e5 11. Nf3 Ng4 12. Bc1 b5 13. Nd5 h6 14. c3 Be6 15. Bc2 Rc8 16. Qd3 Re8 17. Rd1 Bf8 18. h3 Nf6 19. Nh2 Na5 20. Qg3 Kh8 21. Be3 Nc4 22. Rab1 Nh5 23. Qf3 Nxe3 24. Nxe3 Nf4 25. Kh1 Qg5 26. Qg3 Qxg3 27. fxg3 Nh5 28. Nhf1 g6 29. Kh2 Rc5 30. Rd2 Rb8 31. Rbd1 Nf6 32. Rf2 Kg7 33. Nd2 a5 34. Rdf1 Be7 35. Ra1 a4 36. g4 Rd8 37. Re1 Nd7 38. Nf3 Nb6 39. g3 f6 40. Bb1 d5 41. exd5 Bxd5 42. Rd1 Bc6 43. Rxd8 Bxd8 44. Nh4 e4 45. Rd2 Be7 46. Nhg2 Re5 47. Ba2 f5 48. Rf2 Bd7 49. gxf5 gxf5 50. Nf4 Bc5 51. Nfg2 h5 52. Re2 Kf6 53. Nf4 Kg5 54. h4+ Kh6 55. Bf7 Bxe3 56. Rxe3 Be8 57. Ba2 Nc4 58. Bxc4 bxc4 59. Re2 Kg7 60. Ng2 Bf7 61. Nf4 Rb5 62. Kg2 Kf6 63. Kf2 Ke5 64. Ke3 Rb8 65. Rd2 Rg8 66. Rg2 Rg7 67. Ke2 Be8 68. Ke3 Rg8 69. Ne2 Bf7 70. Nf4 Rb8 71. Rd2 1/2-1/2

[Event "Ludwigshafen-ch 21st"]
[Site "Ludwigshafen"]
[Date "2007.09.08"]
[Round "7"]
[White "Popp, Klaus"]
[Black "Kuehner, Peter"]
[Result "1/2-1/2"]
[WhiteElo "1880"]
[BlackElo "1804"]
[PlyCount "120"]
[EventDate "2007.08.25"]
[EventType "swiss"]
[EventRounds "7"]
[EventCountry "GER"]
[SourceTitle "EXT 2008"]
[Source "ChessBase"]
[SourceDate "2007.11.25"]
[SourceVersion "1"]
[SourceVersionDate "2007.11.25"]
[SourceQuality "1"]

1. f4 d5 2. Nf3 Nc6 3. b3 Bg4 4. e3 e5 5. Be2 e4 6. Nd4 Nxd4 7. Bxg4 Nc6 8. Bb2 Nf6 9. Be2 a6 10. a4 Bc5 11. Na3 0-0 12. c3 Ne7 13. Nc2 Ba7 14. g4 c5 15. g5 Ne8 16. Bg4 Nd6 17. Qe2 Qb6 18. b4 Nc4 19. Ba3 Nc6 20. a5 Qb5 21. 0-0 Nxa3 22. Rxa3 Qxe2 23. Bxe2 d4 24. cxd4 cxd4 25. Bg4 Rad8 26. Bf5 dxe3 27. dxe3 Rd2 28. Bxe4 Re8 29. Bxc6 bxc6 30. Rf2 Rd1+ 31. Kg2 Red8 32. Rc3 R8d6 33. Kf3 g6 34. Na3 R1d3 35. Rxd3 Rxd3 36. Nc2 Kf8 37. Ke4 Rc3 38. Rd2 Ke7 39. Nd4 Ke8 40. Rd3 Rc4 41. Ke5 Ke7 42. h3 Bb8+ 43. Ke4 Rxb4 44. Kf3 Rc4 45. f5 Bc7 46. f6+ Ke8 47. Rb3 Bxa5 48. Ra3 Bb6 49. Rxa6 Bxd4 50. exd4 Rxd4 51. Rxc6 Rd1 52. Rc3 Rd7 53. Rc8+ Rd8 54. Rxd8+ Kxd8 55. Ke4 Kc7 56. Kd5 Kd7 57. Kc5 Kc7 58. Kb5 Kb7 59. h4 Kc7 60. Kc5 Kd7 1/2-1/2

[Event "RLP-ch Seniors 26th"]
[Site "Ludwigshafen"]
[Date "2007.07.19"]
[Round "5"]
[White "Kuehner, Peter"]
[Black "Reis, Hans Helmut"]
[Result "0-1"]
[WhiteElo "1814"]
[BlackElo "2140"]
[PlyCount "70"]
[EventDate "2007.07.15"]
[EventType "swiss"]
[EventRounds "7"]
[EventCountry "GER"]
[SourceTitle "EXT 2009"]
[Source "ChessBase"]
[SourceDate "2008.11.26"]
[SourceVersion "1"]
[SourceVersionDate "2008.11.26"]
[SourceQuality "1"]

1. e4 c6 2. d4 d5 3. exd5 cxd5 4. Bd3 Nf6 5. Nf3 Nc6 6. c3 Bg4 7. Nbd2 e6 8. Qe2 Bd6 9. Nf1 Bh5 10. Ng3 Bg6 11. 0-0 Qc7 12. Re1 Bxd3 13. Qxd3 h6 14. Bd2 0-0 15. Qe2 Bf4 16. Bxf4 Qxf4 17. Ne5 Nxe5 18. Qxe5 Qxe5 19. Rxe5 Rfc8 20. Nf1 g6 21. f3 Rc6 22. Nd2 Rac8 23. Nb3 b6 24. Kf2 Rd6 25. Ke2 Ne4 26. fxe4 f6 27. Ke3 fxe5 28. dxe5 Rd7 29. Nd4 dxe4 30. Kxe4 Re8 31. Re1 Rf7 32. Re2 a6 33. Rd2 Rf1 34. Ne2 Rf2 35. Ke3 Rxg2 0-1

[Event "Pfalz-ch 75th"]
[Site "Kaiserslautern"]
[Date "2006.04.09"]
[Round "3"]
[White "Werner, Andreas"]
[Black "Kuehner, Peter"]
[Result "1-0"]
[WhiteElo "1998"]
[BlackElo "1780"]
[PlyCount "89"]
[EventDate "2006.04.07"]
[EventType "swiss"]
[EventRounds "7"]
[EventCountry "GER"]
[SourceTitle "EXT 2007"]
[Source "ChessBase"]
[SourceDate "2006.11.23"]
[SourceVersion "1"]
[SourceVersionDate "2006.11.23"]
[SourceQuality "1"]

1. e4 e5 2. Nf3 d6 3. d4 Nd7 4. Bc4 c6 5. 0-0 h6 6. c3 b5 7. Bb3 Be7 8. Qe2 a6 9. Rd1 Qc7 10. Nbd2 Ngf6 11. Nf1 0-0 12. Nh4 Re8 13. Ng3 Nf8 14. Nhf5 Be6 15. Bc2 Bc8 16. Bb3 Be6 17. Bc2 Bc8 18. Qf3 N8h7 19. h4 Bf8 20. Be3 Kh8 21. a4 Bd7 22. a5 c5 23. d5 Ng8 24. h5 Nhf6 25. Kh1 Rad8 26. Rg1 Kh7 27. Qe2 g6 28. Nh4 Ng4 29. f4 Be7 30. hxg6+ fxg6 31. Nxg6 Kxg6 32. f5+ Kh7 33. Qxg4 Nf6 34. Qg6+ Kh8 35. Qxh6+ Nh7 36. Ne2 Rg8 37. g4 Bg5 38. Bxg5 Rxg5 39. Rg3 Bc8 40. Kg2 Qg7 41. Rh1 Qxh6 42. Rxh6 Kg7 43. Rh4 Nf6 44. Ng1 Rh8 45. Kh3 1-0

[Event "Pfalz-ch 75th"]
[Site "Kaiserslautern"]
[Date "2006.04.08"]
[Round "2"]
[White "Leidner, Matthias"]
[Black "Kuehner, Peter"]
[Result "0-1"]
[WhiteElo "1672"]
[BlackElo "1780"]
[PlyCount "72"]
[EventDate "2006.04.07"]
[EventType "swiss"]
[EventRounds "7"]
[EventCountry "GER"]
[SourceTitle "EXT 2007"]
[Source "ChessBase"]
[SourceDate "2006.11.23"]
[SourceVersion "1"]
[SourceVersionDate "2006.11.23"]
[SourceQuality "1"]

1. e4 e5 2. Nf3 d6 3. Nc3 c6 4. Bc4 h6 5. h3 Be7 6. d3 Nf6 7. Be3 0-0 8. 0-0 d5 9. exd5 cxd5 10. Nxd5 Nxd5 11. Nxe5 Nxe3 12. fxe3 Bf6 13. Qh5 Qe7 14. d4 Bxe5 15. dxe5 Nc6 16. Rad1 Nxe5 17. Bb3 Nc6 18. Rf3 Be6 19. Rg3 Kh7 20. Bxe6 Qxe6 21. b3 Rad8 22. Rf1 Rd5 23. Qf3 f6 24. h4 Re5 25. Rd1 Re8 26. Rd3 Re7 27. a3 Qf5 28. Qd1 Qh5 29. Rg4 Qe8 30. Qf3 Rxe3 31. Qf5+ Kh8 32. Rd6 Re1+ 33. Kh2 Qb8 34. Qf4 Ne5 35. Rxg7 Kxg7 36. Qxf6+ Kg8 0-1